[Event "Vojvodina-chT"]
[Site "Sombor"]
[Date "2008.10.04"]
[Round "5"]
[White "Galo, Dejan"]
[Black "Stojanovic, Zoran"]
[Result "0-1"]
[WhiteElo "2092"]
[BlackElo "2251"]
[PlyCount "72"]
[EventDate "2008.10.01"]
[EventType "team-tourn"]
[EventRounds "11"]
[EventCountry "YUG"]
[SourceTitle "EXT 2010"]
[Source "ChessBase"]
[SourceDate "2010.11.25"]
[SourceVersion "1"]
[SourceVersionDate "2010.11.25"]
[SourceQuality "1"]

1. e4 c6 2. d4 d5 3. Nc3 dxe4 4. Nxe4 Nd7 5. Bc4 Ngf6 6. Nxf6+ Nxf6 7. Nf3 Bf5 8. Bg5 e6 9. Qe2 Bd6 10. 0-0-0 Qc7 11. Ne5 Bxe5 12. dxe5 Nd5 13. g4 Bg6 14. f4 h6 15. Bxd5 cxd5 16. Bh4 Rc8 17. Rd2 Qc4 18. Qxc4 Rxc4 19. Rf1 h5 20. g5 0-0 21. Be1 Rfc8 22. Rff2 Kh7 23. b3 Re4 24. Rde2 Bf5 25. Rxe4 Bxe4 26. a4 Kg6 27. Kd1 Kf5 28. c3 Kg4 29. Ke2 d4 30. cxd4 Kf5 31. a5 Rc1 32. Bd2 Rb1 33. b4 Rb3 34. Be1 Rd3 35. Bd2 a6 36. Rf1 Rxd4 0-1